000 00533nam a2200181 i 4500
001 79937
003 ES-MaACL
005 20250930063101.0
007 t|
008 041025s1967 sp ||||1| spa d
100 1 _aHesse, Hermann,
_d1877-1962
_963472
245 1 0 _aBajo las ruedas /
_cHermann Hesse ; [traductor: Genoveva Dietrich].
260 _aMadrid :
_bAlianza,
_c[1967]
300 _a169 p. ;
_c18 cm.
700 1 _aDieterich, Genoveva.
_9160205
852 _aES-MaACL
_jC-33883
_bR.64653
999 _c79937
_d79937